| 000 | 01093cam a2200313 i 4500 | ||
|---|---|---|---|
| 001 | 17378004 | ||
| 003 | EG-ScBUE | ||
| 005 | 20260124110720.0 | ||
| 008 | 120709t2012 nyua frb 001 0 eng d | ||
| 020 | _a9781627030106 (alk. paper) | ||
| 040 |
_aNLM _beng _erda _cNLM _dBTCTA _dRML _dOCLCO _dYDXCP _dEYM _dCOU _dCDX _dBWX _dCOO _dDLC _dEG-ScBUE |
||
| 082 | 0 | 4 |
_222 _a572.865 _bGEN |
| 245 | 0 | 0 |
_aGenomic imprinting : _bmethods and protocols / _cedited by Nora Engel. |
| 264 | 1 |
_aNew York : _bHumana Press / Springer, _c[2012] |
|
| 264 | 4 | _cc2012 | |
| 300 |
_axi, 297 pages : _billustrations (some color) ; _c26 cm. |
||
| 336 |
_2rdacontent _atext _btxt |
||
| 337 |
_aunmediated _2rdamedia _bn |
||
| 338 |
_avolume _bnc _2rdacarrier |
||
| 490 | 0 |
_aMethods in molecular biology ; _x1064-3745 ; _v925 |
|
| 490 | 0 | _aSpringer protocols | |
| 504 | _aIncludes bibliographical references and index. | ||
| 650 | 7 |
_aGenomic imprinting _vLaboratory manuals. _2BUEsh _939561 |
|
| 651 | _2BUEsh | ||
| 653 |
_bPPhrm _cMarch2016 |
||
| 655 | _vReading book | ||
| 700 | 1 |
_aEngel, Nora, _eeditor. |
|
| 942 |
_2ddc _cBB |
||
| 999 |
_c21422 _d21394 |
||